000 00822nam a2200205Ia 4500
001 16254
003 GE_BSU
008 181216s||||||||xx |||||||||||||| ||und||
040 _cGE_BSU
245 _aსაქართველოს ისტორია ოთხ ტომად ტ.4 საქართველო XIX-XX საუკუნეებში
245 _bუძველესი დროიდან XX საუკუნის ბოლომდე
245 _cმთ.რედ. მაყვალა ნათმელაძე
260 _aთბილისი
260 _bპალიტრაL
260 _c2012.
300 _a512გვ;+16ჩართ.ფ.ილ.25სმ
541 _h12ლ.50თ.
653 _aსაქართველოს ისტორია
942 _cBK
999 _c49337
_d49337